| 000 | 00820nam a2200205 i 4500 | ||
|---|---|---|---|
| 001 | 181701 | ||
| 003 | ES-MaACL | ||
| 005 | 20250929063259.0 | ||
| 008 | 130319s1916 sp |||| | spa d | ||
| 080 | _a904(460.182) | ||
| 100 | 1 |
_aCalvo y Sánchez, Ignacio, _d1864-1930 _933910 |
|
| 245 | 1 | 0 |
_aExcavaciones en Clunia _b: memoria de ls trabajos realizados en el año 1915 / _cpor... D. Ignacio Calvo. |
| 260 |
_aMadrid : _b[s.n.], _c1916 ( _fTip. de la "Revista de Arch., Bibl. y Museos") |
||
| 300 |
_a26 p., [6] lám. ; _c25 cm. |
||
| 490 | 1 | _aJunta Superior de Excavaciones y Antigüedades | |
| 710 | 2 |
_aEspaña. _bJunta Superior de Excavaciones y Antigüedades. _9152463 |
|
| 830 | 0 |
_aJunta Superior de Excavaciones y Antigüedades _9191570 |
|
| 852 |
_aES-MaACL _jE-3368(3) |
||
| 999 |
_c181701 _d181701 |
||